=LDR 00000nam 2200000 4500 =001 INLIS000000000008787 =005 20130612100620 =008 ***********************************Ind** =035 ##$$0010-061300000008787 =041 ##$$a Ind =082 ##$$a 658.4 =090 ##$$a 658.4, Par k =100 ##$$a Parikh, Jagdish =245 ##$$a Kiat Menjadi Manajer Tanpa Stress, Jagdish Parikh; Akh Bahasa Adiwinta D =260 ##$$a 1995 $b Jakarta =300 ##$$a xxx,171 hlm, ilus, 21 cm =650 ##$$a Manajemen Eksekutif